|
|
|
|
| LEADER |
00000cam a2200000 7i4500 |
| 001 |
0000002652 |
| 005 |
20030917.0 |
| 020 |
0 |
0 |
|a 1853839388
|
| 090 |
0 |
0 |
|a R307.1412
|b DAL 2003
|
| 100 |
1 |
0 |
|a DALAL-Clayton
|h Barry
|
| 245 |
1 |
0 |
|a Rural planning in developing countries :
|b supporting natural resource management and sustainable livelihoods
|c Barry Dalal-Clayton, David Dent and Olivier Dubois
|
| 260 |
0 |
0 |
|a London :
|b International Institute for Environment and Development; Earthscan Pub. ,
|c 2003
|
| 300 |
|
|
|a xxi, 226 p. :
|b maps ;
|c 24 cm.
|
| 500 |
0 |
0 |
|a Includes bibliography : p. 201-218 and index
|
| 650 |
0 |
0 |
|a Natural resources
|x Developing countries
|x Management
|
| 650 |
0 |
0 |
|a Rural development
|x Environmental aspects
|x Developing countries
|
| 650 |
0 |
0 |
|a Sustainable development
|x Developing countries
|
| 700 |
0 |
1 |
|a Dent
|h David
|
| 700 |
0 |
1 |
|a Dubois
|h Olivier ,
|c 1957-
|
| 998 |
|
|
|a JPSM
|
| 999 |
|
|
|a 0000005062
|b Monograph
|c Reference
|e Default branch
|